Les 20 villes les plus peuplées du Tarn (81) - Statistiques

Statistiques générales
  • Ce quiz a été pris 110 fois
  • Le résultat moyen est 11 sur 20
Statistiques - réponses
HINT HINT ANSWER % Correct
50 605 A Albi
100%
42 700 C Castres
95%
16 080 G Gaillac
95%
13 275 G Graulhet
86%
10 884 L Lavaur
84%
10 123 M Mazamet
84%
9 927 C Carmaux
73%
5 801 R Rabastens
58%
9 674 S Saint-Sulpice-la-Pointe
57%
6 575 S Saint-Juéry
52%
4 857 L Lisle-sur-Tarn
49%
3 542 R Réalmont
49%
4 585 L Lescure-d'Albigeois
31%
3 486 M Marssac-sur-Tarn
30%
3 549 P Puygouzon
29%
3 714 S Saïx
29%
6 567 L Labruguière
28%
3 212 P Puylaurens
28%
5 617 A Aussillon
23%
3 041 C Coufouleux
20%
Aucun quiz correspondant
Distribution des résultats
% des personnes avec chaque résultat
Percentile par nombre de réponses
Votre historique - résultats
Vous n’avez pas pris ce quiz